Business math / (Record no. 180094)
[ view plain ]
| 000 -LEADER | |
|---|---|
| fixed length control field | 01123 a2200217 4500 |
| 003 - CONTROL NUMBER IDENTIFIER | |
| control field | Nust |
| 005 - DATE AND TIME OF LATEST TRANSACTION | |
| control field | 20221101094643.0 |
| 010 ## - LIBRARY OF CONGRESS CONTROL NUMBER | |
| LC control number | 2004040139 |
| 020 ## - INTERNATIONAL STANDARD BOOK NUMBER | |
| International Standard Book Number | 0808738291 |
| 040 ## - CATALOGING SOURCE | |
| Transcribing agency | Nust |
| 082 00 - DEWEY DECIMAL CLASSIFICATION NUMBER | |
| Classification number | 510,LIE |
| 100 1# - MAIN ENTRY--PERSONAL NAME | |
| Personal name | Lieberman,Arthur |
| 9 (RLIN) | 102094 |
| 245 10 - TITLE STATEMENT | |
| Title | Business math / |
| Statement of responsibility, etc. | Arthur Lieberman |
| 250 ## - EDITION STATEMENT | |
| Edition statement | Prelimnary ed. |
| 260 ## - PUBLICATION, DISTRIBUTION, ETC. | |
| Place of publication, distribution, etc. | Toronto |
| Name of publisher, distributor, etc. | Burgess Publishing company |
| Date of publication, distribution, etc. | 1980. |
| 300 ## - PHYSICAL DESCRIPTION | |
| Extent | 597p. : |
| Other physical details | col. ill. ; |
| Dimensions | 31 cm |
| Accompanying material | 1 CD-ROM (4 3/4 in.). |
| 505 ## - FORMATTED CONTENTS NOTE | |
| Formatted contents note | Sets Numbers and Algebraic Manipulation (Page-1), Equations and Inequalities (Page-51), Linear Algebra(Page-93), Linear Programming (Page-146), Mathematics of Finance (Page-200), Probability (Page-227), More Topics in Probability (Page-277), Application of Probability to Decision Making (Page-301), Functions and Graphs (Page-331), Differential Calculus (Page-385), Applications of derivatives (Page-423), Integral Calculus (Page-461), Applications of Integration (Page-496), Tables for Mathematics of Finances (Page-534). |
| 650 #0 - SUBJECT ADDED ENTRY--TOPICAL TERM | |
| Topical term or geographic name entry element | Business mathematics. |
| 9 (RLIN) | 39083 |
| 700 1# - ADDED ENTRY--PERSONAL NAME | |
| Personal name | Hobbs, Margie J., |
| Dates associated with a name | 1943- |
| 9 (RLIN) | 102095 |
| 942 ## - ADDED ENTRY ELEMENTS (KOHA) | |
| Source of classification or shelving scheme | |
| Koha item type | Book |
| Call number prefix | 510,LIE |
| Withdrawn status | Lost status | Source of classification or shelving scheme | Damaged status | Not for loan | Permanent Location | Current Location | Shelving location | Date acquired | Full call number | Barcode | Date last seen | Price effective from | Koha item type | Public note |
|---|---|---|---|---|---|---|---|---|---|---|---|---|---|---|
| Military College of Signals (MCS) | Military College of Signals (MCS) | General Stacks | 12/12/2016 | 510,LIE | MCS7432 | 12/08/2016 | 12/12/2016 | Book Bank | Almirah No. A/135, Shelf No.6 |
